Loreto College Library, Kolkata
WEBOPAC (ONLINE PUBLIC ACCESS CATALOGUE)

Sociology (Record no. 3293)

MARC details
000 -LEADER
fixed length control field 00675nam a2200229Ia 4500
005 - DATE AND TIME OF LATEST TRANSACTION
control field 20230622085505.0
008 - FIXED-LENGTH DATA ELEMENTS--GENERAL INFORMATION
fixed length control field 131103s9999 xx 000 0 und d
020 ## - ISBN | অাই এস বি এন
ISBN | অাই এস বি এন 007057771 4
040 ## - CATALOGING SOURCE
Original cataloging agency Loreto College
041 ## - LANGUAGE CODE
Language code English
082 ## - DDC | ডিউই
Classification number | বর্গসংখ্যা 301
Book Number | গ্রন্থাঙ্ক SCH
100 ## - MAIN ENTRY--PERSONAL NAME | মুখ্য সংলেখ - ব্যাক্তিনাম
Personal name | ব্যাক্তিনাম Schaefer,Richard T
245 ## - TITLE STATEMENT | অাখ্যা বিবরণী
Title | অাখ্যা Sociology
Statement of responsibility | লেখকের দায়িত্বের বিবরণ by Richard T.Schaefer and Robert P.Lamm
260 ## - IMPRINT | প্রকাশনা ক্ষেত্র
Place of publication | প্রকাশ স্থান New York
Name of publisher | প্রকাশকের নাম The McGraw - Hill Companies
Date of publication | প্রকাশ কাল 1998
300 ## - PHYSICAL DESCRIPTION |
Page / Vol. No | পৃষ্ঠা / খন্ড সংখ্যা xxvi,708 p.
Other physical details | অনান্য বাহ্যিক বিবরণ ill.,fig.,photos,tables
504 ## - BIBLIOGRAPHY, ETC. NOTE
Bibliography, etc Includes bibliographical references and index
650 ## - SUBJECT ADDED ENTRY--TOPICAL TERM | বিষয় শিরোনাম - মূল বিষয়
Topical term | মূল বিষয় Sociology
651 ## - SUBJECT ADDED ENTRY--GEOGRAPHIC NAME | বিষয় শিরোনাম - ভৌগলিক নাম
Geographic name | ভৌগলিক বিষয় Philosophy And Theory Of Science
700 ## - ADDED ENTRY--PERSONAL NAME | অতিরিক্ত সংলেখ - ব্
Personal name | ব্যাক্তিনাম Lamm,Robert P.,auth.
850 ## - HOLDING INSTITUTION
Holding institution LCLIB
942 ## - ADDED ENTRY ELEMENTS (KOHA)
Koha item type Books
Holdings
Withdrawn status Lost status Source of classification Damaged status Not for loan Home library Current library Date acquired Total Checkouts Full call number Accession No. Date last seen Date checked out Price effective from Koha item type Coded location qualifier
    Dewey Decimal Classification     Loreto College Loreto College 04/11/2013 4 301 SCH 40742 B3159 19/03/2018 19/03/2018 04/11/2013 Books